A Quiz of Probability - Sudden Death - Statistics

General Stats
  • This quiz has been taken 1,376 times
  • The average score is 13 of 48
Answers on the Grid
Answers color-coded by a green-red scale on the quiz's grid according to % correct below.
Probability
Probability
Probability
Probability
Probability
Probability
Probability
Probability
Probability
Probability
Probability
Probability
Probability
Probability
Probability
Probability
Probability
Probability
Probability
Probability
Probability
Probability
Probability
Probability
Probability
Probability
Probability
Probability
Probability
Probability
Probability
Probability
Probability
Probability
Probability
Probability
Probability
Probability
Probability
Probability
Probability
Probability
Probability
Probability
Probability
Probability
Probability
Probability
Probability
Probability
Probability
 
Answer Stats
Answer % Correct
Probability
32%
Probability
30%
Probability
30%
Probability
29%
Probability
29%
Probability
29%
Probability
29%
Probability
29%
Probability
29%
Probability
29%
Probability
29%
Probability
29%
Probability
29%
Probability
29%
Probability
28%
Probability
28%
Probability
28%
Probability
28%
Probability
27%
Probability
27%
Probability
27%
Probability
27%
Probability
27%
Probability
27%
Probability
26%
Probability
26%
Probability
26%
Probability
26%
Probability
26%
Probability
26%
Probability
26%
Probability
26%
Probability
26%
Probability
26%
Probability
26%
Probability
25%
Probability
25%
Probability
24%
Probability
24%
Probability
24%
Probability
24%
Probability
24%
Probability
24%
Probability
23%
Probability
23%
Probability
23%
Probability
22%
Probability
21%
No matching quizzes found
Score Distribution
Percent of People with Each Score
Percentile by Number Answered
Your Score History
You have not taken this quiz